ভাষা
English
Deutsch
Español
Français
Italiano
日本語
Nederlands
Português
Português (Brasil)
中文(简体)
中文(繁體)
Türkçe
עברית
Gaeilge
Cymraeg
Ελληνικά
Català
Euskara
Русский
Čeština
Suomi
Svenska
polski
Dansk
slovenščina
اللغة العربية
বাংলা
Galego
Tiếng Việt
Hrvatski
हिंदी
Հայերէն
Українська
সমস্ত ক্ষেত্রসমূহ
আখ্যা
লেখক
বিষয়
আইসবিএন/আইএসএসএন
ট্যাগ
শনাক্তকারী
অনুসন্ধান
বিস্তৃত
Т. 3, вып. 1; Журнал экспериме...
সাইট করুন
এই পাঠটি
এই ই-মেইলটি
মুদ্রণ
নথি এক্সপোর্ট করুন
এক্সপোর্ট করুন RefWorks
এক্সপোর্ট করুন EndNoteWeb
এক্সপোর্ট করুন EndNote
স্থায়ী লিঙ্ক
Esportazione completata correttamente —
Т. 3, вып. 1; Журнал экспериментальной и теоретической физики
গ্রন্থ-পঞ্জীর বিবরন
Parent link:
Журнал экспериментальной и теоретической физики: физический журнал/ Сектор науки Наркомпросса. Т. 3, вып. 1.— , 1931-.— 0044-4510
ভাষা:
রুশ
প্রকাশিত:
1933
বিন্যাস:
MixedMaterials
গ্রন্থ
KOHA link:
https://koha.lib.tpu.ru/cgi-bin/koha/opac-detail.pl?biblionumber=430527
হোল্ডিংস
বিবরন
অনুরূপ উপাদানগুলি
স্টাফেদের বিবরণ দেখুন
MARC
LEADER
00000nam2a2200000 4500
001
430527
005
20231101075212.0
035
|a
(RuTPU)RU\TPU\prd\90550
035
|a
RU\TPU\prd\90545
090
|a
430527
100
|a
20101123a18699999k y0rusy50 ca
101
0
|a
rus
102
|a
RU
200
0
|a
Т. 3, вып. 1
210
|d
1933
461
1
|0
(RuTPU)RU\TPU\prd\1443
|x
0044-4510
|t
Журнал экспериментальной и теоретической физики
|o
физический журнал
|f
Сектор науки Наркомпросса
|v
Т. 3, вып. 1
|d
1931-
|s
серия А
801
0
|a
RU
|b
63413507
|c
20010227
|g
PSBO
801
1
|a
RU
|b
63413507
|c
20020301
|g
PSBO
801
2
|a
RU
|b
63413507
|c
20101123
|g
PSBO
942
|c
BK
999
|a
НТБ_ТПУ
|b
НФ
|e
-8/20100113
|p
П-770а
|u
0,00
|v
1
অনুরূপ উপাদানগুলি
Т. 3, вып. 3; Журнал экспериментальной и теоретической физики
প্রকাশিত: (1933)
Т. 3, вып. 2; Журнал экспериментальной и теоретической физики
প্রকাশিত: (1933)
Т. 3, вып. 4; Журнал экспериментальной и теоретической физики
প্রকাশিত: (1933)
Т. 3, вып. 5; Журнал экспериментальной и теоретической физики
প্রকাশিত: (1933)
Т. 3, вып. 6; Журнал экспериментальной и теоретической физики
প্রকাশিত: (1933)